000 00905nam a2200241 a 4500
001 000026770
003 OSt
005 20251120073733.0
008 110325s1977 dr abdf 001 0 spa d
040 _aDO-SdBNP
_bspa
_cBNPHU
082 4 _a972.93
_bP376v
_222
100 1 _aPeguero, Valentina
_945358
245 1 0 _aVisión general de la historia dominicana /
_cValentina Peguero, Danilo de los Santos.
260 _aSantiago de los Caballeros, República Dominicana :
_bUCMM,
_c1977.
300 _a462 p. :
_bil., gráfcs., mapas, retrs. ;
_c23 cm.
500 _aIncluye datos de los autores en la contracubierta.
590 _aInventariado, 2020/MF
651 7 _aRepública Dominicana
_xHistoria
_9170
_2Lemb
700 1 _aSantos, Danilo de los,
_d1943-2018
_910278
710 2 _aPontificia Universidad Católica Madre y Maestra
_9843
910 _aValidado. Control de calidad EMS
942 _2ddc
_cLBS1
999 _c26262
_d26262